| 000 | 00435pam a2200181 a 4500 | ||
|---|---|---|---|
| 020 | _c | ||
| 040 | _aJNTU_500028 | ||
| 041 | _aeng | ||
| 082 |
_a530.12 _bGUP |
||
| 100 | _aGupta,S.L | ||
| 245 |
_aQuantum Mechanics _cS.L.Gupta _hTextual Documents |
||
| 250 | _a9th ed | ||
| 260 |
_aMeerut _bJai Prakash Nath & Co _c1989 |
||
| 300 |
_axii,738p. _bill. _c21 cm. |
||
| 500 | _aIncludes index. | ||
| 700 | _aSharma, H.V. | ||
| 930 | _a9628 | ||
| 999 |
_c86533 _d86533 |
||